000 01042nam0a22002411 4500
001 rc\2941739
005 20110825150952.6
035 _a(NLR Aleph) 007090493
090 _a6568955
_c6568955
100 _a20080114d1933 |||y0rusy50 ca
101 0 _arus
102 _aRU
105 _aa z ||||y
200 1 _aВыведение новых улучшенных сортов плодовых и ягодных растений
_fИ.В. Мичурин
205 _a2-е изд., перераб., удешевленное и объединяющее 2 тома труда "Итоги полувековых работ"
210 _a[Москва]
_cСельхозгиз
_d1933
_g"Образцовая" тип.
215 _aПереплет, 383 с., 24 вкл. л. крас. ил.
_cил., крас. ил.
_d20х14 см
700 1 _aМичурин
_bИ. В.
_cсов. биолог
_d1855-1935
_gИван Владимирович
801 0 _aRU
_bNLR
_gpsbo
801 1 _aRU
_bELAR
_2rusmarc
852 _aNLR
_j34-3/272
942 _cBOOK
980 _aNB